Score 0/30 Timer 05:00
1 Play Today
Category Thing % Correct
SuperheroesBATMAN
97.4%
Super Mario Kart RacersLUIGI
87.2%
SuperstitionsBLACK CAT
86.8%
Super Mario Kart RacersTOAD
85.6%
SuperstitionsKNOCK ON WOOD
82.9%
SuperheroesFLASH
82.4%
Super Mario Kart RacersYOSHI
81.2%
SupermarketsWHOLE FOODS
79.5%
SuperstitionsRABBIT'S FOOT
78.9%
Super Bowl ChampionsCOLTS
78.9%
Super Mario Kart RacersBOWSER
78.4%
SuperfoodsACAI
76.7%
SuperheroesHUMAN TORCH
74.9%
Super Bowl ChampionsPACKERS
74.8%
SuperstitionsHORSESHOE
74.1%
Category Thing % Correct
Super Bowl ChampionsSTEELERS
72.8%
Super Mario Kart RacersPRINCESS PEACH
71.3%
Super Bowl ChampionsEAGLES
71%
SuperfoodsQUINOA
70.9%
SupermarketsCOSTCO
70.5%
SupermarketsALDI
70.4%
Super Bowl ChampionsGIANTS
69.5%
SuperfoodsCHIA
66%
SupermarketsKROGER
61.8%
SupermarketsTESCO
41.3%
SuperfoodsBLUEBERRY
40%
SuperheroesDEADPOOL
34.2%
SuperheroesWOLVERINE
33.2%
SuperfoodsSPINACH
25.4%
SuperstitionsTHIRTEEN
13.5%
Remove Ads.
Support Sporcle.
Get the best of Sporcle when you Go Orange. This ad-free experience offers more features, more stats, and more fun while also helping to support Sporcle. Thank you for becoming a member.

You're not logged in!

Compare scores with friends on all Sporcle quizzes.
OR
Log In

Show Comments

Extras

Top Quizzes Today


Score Distribution

Your Account Isn't Verified!

In order to create a playlist on Sporcle, you need to verify the email address you used during registration. Go to your Sporcle Settings to finish the process.

Report this User

Report this user for behavior that violates our Community Guidelines.

Details: